00718nam a2200193Ia 4500952014100000999001500141003000400156005001700160008004100177040000900218082002000227100002800247245010700275250001200382260005200394300000900446650002300455942004600478 00102ddc40708RESEARCHaMESbMEScRESEARCHd2019-02-20g100.00l0o658.4034 BUD/Pp17648r2019-02-20 00:00:00w2019-02-20yBKzGL20R3 c5402d5402OSt20200810131842.0190216s9999||||xx |||||||||||||| ||und|| coclc a658.4034bBUD/P aBudnick, Frank S 94028 0aPrinciples Of Operations Research For Management /cFrank S Budnick ; Dennis Mcleavey ; Richard Mojena a2nd Ed. bAll India Traveller Book Seller,c1988.aDelhi: a988p aOperation Research cBK2ddch658.4034iBUD/Pk658.4034mBUD/P